| Tag |
First Indicator |
Second Indicator |
Subfields |
| LEADER |
00000cam a2200000 i 4500 |
| 001 |
in00000024977 |
| 005 |
20151007055657.0 |
| 008 |
800730s1979 iaua b s00010 eng d |
| 035 |
|
|
|a (OCoLC)06568056
|
| 035 |
|
|
|9 AAB8952AM
|
| 040 |
|
|
|a IWA
|c IWA
|d TXA
|d UtOrBLW
|
| 049 |
|
|
|a TXAM
|c [A11667870]
|
| 050 |
|
4 |
|a HD211.I8
|b K56 1979
|
| 100 |
1 |
|
|a Knox, Jerry.
|
| 245 |
1 |
3 |
|a An examination of the effectiveness of county zoning to preserve prime agricultural land in Iowa /
|c Jerry Knox ; project commissioned by the Legislative Environmental Advisory Group.
|
| 264 |
|
1 |
|a Iowa City :
|b Institute of Urban and Regional Research, University of Iowa,
|c [1979]
|
| 300 |
|
|
|a v, 28 pages :
|b illustrations ; 28 cm.
|
| 336 |
|
|
|a text
|b txt
|2 rdacontent
|
| 337 |
|
|
|a unmediated
|b n
|2 rdamedia
|
| 338 |
|
|
|a volume
|b nc
|2 rdacarrier
|
| 490 |
1 |
|
|a Iowa land use research
|
| 500 |
|
|
|a "January 1979."
|
| 504 |
|
|
|a Bibliography: pages 27-28.
|
| 650 |
|
0 |
|a Land use, Rural
|x Planning
|z Iowa.
|
| 650 |
|
0 |
|a Zoning
|z Iowa.
|
| 830 |
|
0 |
|a Iowa land use research.
|
| 999 |
|
|
|a MARS
|
| 999 |
f |
f |
|s 670af0d1-3387-35a6-a469-ad26e49bdefa
|i fa3141b6-4ff3-37ba-9069-4455ba71f81f
|t 0
|
| 952 |
f |
f |
|p ric
|a Texas A&M University
|b Rellis Campus
|c Joint Library Facility
|d Remote Storage
|t 0
|e HD211.I8 K56 1979
|h Library of Congress classification
|i unmediated -- volume
|m A14811667870
|
| 998 |
f |
f |
|a HD211.I8 K56 1979
|t 0
|l Remote Storage
|